00347nam a2200121Ia 4500020001500000082001900015245004300034260004800077300001400125504003900139650002900178700001800207 a0333927451 aRR 324.03 INT- 0aInternational encyclopedia of election aBasingstokebMacMillan Reference Ltd.c2000 axxii, 392 aincludes appendix and bibliography aElectionsvEncyclopedias aRose, Richard